000 00533nam a2200181Ia 4500
001 16175
005 20260306170250.0
008 260306t2017||||xx |||||||||||||| ||und||
041 _aESP
082 _a347.05
_bA74
100 _aArmenta Deu, Teresa
_eAUT
245 0 _aLecciones de derecho procesal civil:
_bproceso de declaración, proceso de ejecución, procedimientos especiales, arbitraje y mediación
260 _c2017
300 _a597 páginas :
_c24 cm.
650 _aGEN
654 _aCDE
942 _cLIB
_dJUS
_fJUS
_2ddc
_n
999 _c16175
_d16175